000 00732nam a2200241 4500
003 OSt
005 20260422050130.0
006 a
008 240615b |||||||| |||| 00| 0 eng d
020 _a9781412948579
040 _aDWCL-Main lib.
_cOC
082 _aCirc. 300.723 R859i 2010
100 _aRoulston, Kathryn
245 _aReflective interviewing : a guide to theory and practice /
260 _aLondon :
_bSAGE Pub.,
_cc2010.
300 _b210 p. ;
_c24 cm.
504 _aIncludes appendix & index.
650 _a1. Interviewing in sociology.
650 _a2. Social sciences–Research–Methodology.
650 _a3. Social sciences–Fieldwork.
700 _aKathryn Roulston
942 _2ddc
_n0
_cBK-CIRC
_kCirc.
999 _c753
_d753